000 00269nam a2200109Ia 4500
001 588588
005 20250717120834.0
008 250717s9999 xx 000 0 und d
245 0 _aV-4 KAHRAMAN ALACA
_cZEYNEP YEŞİLMEN
260 _bERDEM YAYINLARI
_c2019
300 _b95
999 _c588588
_d588588